Congreso /
Estos son los primeros resultados exploratorios que nos ayudarán a definir una estrategia de investigación de largo plazo. En esta investigación es necesario el concurso de investigadores de diversas disciplinas y con esta ponencia tenemos el propósito de aportar una visión general que los ayude a u...
Bewaard in:
| Hoofdauteur: | |
|---|---|
| Coauteur: | |
| Andere auteurs: | |
| Formaat: | Texto |
| Gepubliceerd in: |
San José:
SIEDIN
|
| Onderwerpen: | |
| Tags: |
Voeg label toe
Geen labels, Wees de eerste die dit record labelt!
|
MARC
| LEADER | 00000 a a2200000 04500 | ||
|---|---|---|---|
| 001 | 31690 | ||
| 003 | |||
| 040 | |||
| 020 | |a 9977-15-116-4 | ||
| 090 | |a 198106 | ||
| 100 | |a Arias Quirós, Ana Cecilia | ||
| 110 | |a Universidad de Costa Rica | ||
| 245 | |a Congreso / |c Ana Cecilia Arias Quirós | ||
| 260 | |a San José: |b SIEDIN | ||
| 300 | |a 289 p. |b il. | ||
| 520 | |a Estos son los primeros resultados exploratorios que nos ayudarán a definir una estrategia de investigación de largo plazo. En esta investigación es necesario el concurso de investigadores de diversas disciplinas y con esta ponencia tenemos el propósito de aportar una visión general que los ayude a ubicar sus temas de estudio y que les sirva de orientación general. El trabajo es una monografía que parte de la particularidad de la comunidad de Nimarí hacia la generalidad de Chirripó | ||
| 650 | |a POBLACION INDIGENA | ||
| 650 | |a PODER POLITICO | ||
| 650 | |a DESEMPEÑO ECONOMICO | ||
| 650 | |a DESARROLLO DEL COMERCIO | ||
| 650 | |a TRABAJO | ||
| 650 | |a POBLACION INDIGENA | ||
| 650 | |a GRUPOS DE EDAD | ||
| 650 | |a TRABAJO | ||
| 700 | |a comp. |a Bozzoli Vargas, María Eugenia |a comp. |a Chang Vargas, Gisella |a comp. |a Rojas Garro, Myrna |a comp. | ||
| 999 | |c 11288 |d 11288 | ||



